| 000 | 00718nam a2200253Ia 4500 | ||
|---|---|---|---|
| 003 | OSt | ||
| 005 | 20221005043709.0 | ||
| 006 | a|||||r|||| 00| 0 | ||
| 007 | ta | ||
| 008 | 221004b |||||||| |||| 00| 0 eng d | ||
| 020 |
_a978 81 8400 486 1 (pbk) _cIndian Rupees 150 |
||
| 024 | _a70866 | ||
| 037 |
_bGift, 12/12/2021, _cTextual |
||
| 040 |
_aCRL _cCRL _beng |
||
| 041 |
_2eng _aeng |
||
| 082 | _aX5, Q3 | ||
| 100 |
_aAgarwal Rajeev Au. _9591821 |
||
| 245 | 0 | _aWhat i did not learn at IIT | |
| 260 |
_aGurgaon _bRandom House India India _c2013 |
||
| 300 |
_a194p. _ccm. |
||
| 650 | _aECONOMICS | ||
| 942 |
_hX5, Q3 _cTEXL _2cc |
||
| 999 |
_c952275 _d952275 |
||